00633nam a2200193Ia 4500008004100000020001800041082001900059100002200078245005100100250000700151260004400158300002500202500001900227600002000246650002000266942000700286952012900293999001700422240925s9999 xx 000 0 und d a9780470553732 a364.163092 MAR aMarkopolos, Harry 0aNo One Would Listen: a true financial thriller aNA aNew Jersey:bJohn wiley & Sonsc,2010. a340u.p.b0fOriginal aIncludes Index aSocial Sciences aSocial Sciences cBK 001040708SSaUITUbUITUd2018-12-24eBook Stationg300.00l0o364.163092 MARpQ12597r2024-09-25 07:16:33w2024-09-25yBK c15096d15096